| 000 | 00747nam a2200241Ia 4500 | ||
|---|---|---|---|
| 003 | GCL | ||
| 008 | 140319s9999 xx 000 0 ara d | ||
| 040 |
_aGCL / _cGCL |
||
| 082 | 0 | 4 |
_a153.35 _bم ع |
| 100 | 1 | _aمحيى الدين احمد حسين | |
| 245 | 1 | 0 |
_aالعمر وعلاقته بالابداع لدى الراشدين / _cمحيى الدين احمد حسين |
| 260 |
_a[S.N] : _bدار المعارف ، _c1982 |
||
| 300 | _a242 ص | ||
| 490 | _a | ||
| 650 | 0 | 4 | _aعلم النفس |
| 650 | 0 | 4 | _aالتحليل النفسى |
| 650 | 0 | 4 | _aالنبوغ |
| 650 | 0 | 4 | _aالقدرة الخلاقة |
| 650 | 0 | 4 | _aالابتكار |
| 650 | 0 | 4 | _aالقدرات ( علم نفس ) |
| 650 | 0 | 4 | _aالابداع |
| 942 |
_2ddc _cBK |
||
| 999 |
_c28633 _d28633 |
||